000 00783nam a22002057a 4500
999 _c666
_d666
003 AR-CdUCM
008 190225b ||||| |||| 00| 0 spa d
040 _aMUNICIPALIDAD PROVINCIAL DEL CUSCO
_cBIBLIOTECA MUNICIPAL DEL CUSCO
082 _a848.77 /
_bD92
_23 ed.
100 _aDumas, Alejandro
_92589
245 _aEl vizconde de Bragelonnde
_bO diez años después.
260 _aArgentina :
_bEdit. Sopena Argentina,
_c1954
300 _a253 paginas ;
_c22 cm.
505 _aPsicología real --El nuevo general de los jesuitas --La tempestad --Dos amigas --El primer cuento de Juan --Mas rivales políticos ...
650 _aNovela historica
_91238
650 _aNovela francesa
_92590
650 _aLiteratura romantica
_92591
942 _2ddc
_cLIBROS
945 _arjall
_d2019-02-25